<?xml version="1.0" encoding="UTF-8"?>
<collection xmlns="http://www.loc.gov/MARC21/slim">
 <record>
  <leader>00890nam a2200229   4500</leader>
  <controlfield tag="001">000023274</controlfield>
  <controlfield tag="003">19724</controlfield>
  <controlfield tag="005">20150814140859.0</controlfield>
  <controlfield tag="008">150814s2014                           sd</controlfield>
  <datafield tag="100" ind1="1" ind2=" ">
   <subfield code="a">Lê Hồng Sơn</subfield>
   <subfield code="e">Chủ nhiệm đề tài</subfield>
  </datafield>
  <datafield tag="245" ind1="1" ind2="0">
   <subfield code="a">Khảo sat nhu cầu bồi dưỡng của giáo viên Vật lý các trường Trung học phổ thông trên địa bàn thành phố Đà Nẵng - tỉnh Quảng Nam và đề xuất các chương trình bồi dưỡng giáo viên.</subfield>
   <subfield code="c">Lê Hồng Sơn</subfield>
  </datafield>
  <datafield tag="260" ind1=" " ind2=" ">
   <subfield code="c">2014</subfield>
  </datafield>
  <datafield tag="500" ind1=" " ind2=" ">
   <subfield code="a">Đề tài NCKH cấp Trường Đại học Sư Phạm Đà Nẵng . Mã số : T2013-03-39</subfield>
  </datafield>
  <datafield tag="OWN" ind1=" " ind2=" ">
   <subfield code="a">LSP</subfield>
  </datafield>
  <datafield tag="999" ind1=" " ind2=" ">
   <subfield code="a">From the UDN01</subfield>
  </datafield>
  <datafield tag="TYP" ind1=" " ind2=" ">
   <subfield code="a">Mixed Materials</subfield>
  </datafield>
  <datafield tag="TYP" ind1=" " ind2=" ">
   <subfield code="a">Monograph</subfield>
  </datafield>
  <datafield tag="TYP" ind1=" " ind2=" ">
   <subfield code="a">Printed language</subfield>
  </datafield>
  <datafield tag="980" ind1=" " ind2=" ">
   <subfield code="a">Mạng thư viện Đại học Đà Nẵng</subfield>
  </datafield>
 </record>
</collection>
